000 00578nam a2200193 a 4500
005 20140310183343.0
008 070110s19uu xx 00 eng d
020 _a2880465575
050 _aHF 5823
_b.M751 2001
100 _aMono
245 _aDigital lab :
_bprint & electronic design advertising.
_cMono
260 _aSingapore :
_bProVision Pte. Ltd,
_c2001.
300 _a156 p. :
_bill. col. ;
_c29 cm.
521 _aMA
650 _aElectronic digital computers
_xDesign and construction.
650 _aDigital electronics.
942 _cBK
_2lcc
_kFOR
999 _c21859
_d21859